000 00442nam a2200169Ia 4500
001 23414
005 20260414150935.0
008 260414t1996||||xx |||||||||||||| ||spa||
041 _aESP
082 _a650.01513
_bA42A
100 _aAliaga, Valdez, Carlos
_eAUT
245 0 _aAplicaciones prácticas de matemática financiera :
_b603 problemas resueltos
260 _c1996
650 _aGEN
654 _aCCO
942 _cLIB
_dJUS
_fJUS
_2ddc
_n
999 _c23414
_d23414